...d'un acteur ... d'un pays (Record no. 13984)
[ view plain ]
| 010 ## - Numéro international normalisé du livre (ISBN) | |
|---|---|
| ISBN | 9782375720912 |
| 099 ## - Visibilité opac | |
| notice masquée en opac | Non |
| 100 ## - Données générales de traitement | |
| Données générales de traitement | 20251213d u||y0frey50 ba |
| 200 ## - Titre et mention de responsabilité | |
| Titre propre | ...d'un acteur ... d'un pays |
| Indication générale du type de document | Livre |
| 214 ## - Mentions de production, publication, diffusion et manufacture | |
| Nom de l’éditeur | L'espace d'un instant |
| 330 ## - Résumé ou extrait | |
| Texte de la note | À travers une réflexion sur comment faire du théâtre ici et maintenant, l’acteur vient nous parler comme un récit à l’orée de la grande nuit qui espère le matin. Cette ode à la création artistique nous ouvre un chemin à mesure que l’acteur déploie son récit qui seul devient un théâtre. C’est la parole qui crée par son surgissement, prend l’aspect d’un manifeste et l’acte d’une profession de foi théâtrale portée à nu pour donner à rêver, à espérer, à bâtir un théâtre qui nous parle. |
| 700 ## - Auteur principal | |
| Nom | Niangouna |
| Prénom | Dieudonné |
| 000 -Etiquette de la notice | |
| Leader | 00870nam a2200145 4500 |
| 005 - Identifiant de la version | |
| Identifiant | 20251213175729.0 |
| Exclu du prêt | Date de création | Site actuel | Code barre | Date prix de remplacement | Cote | Statut | Site de rattachement | Type de document Koha |
|---|---|---|---|---|---|---|---|---|
| 13.12.2025 | Théâtre Joliette | JOL-007685 | 13.12.2025 | TH NIA X | Théâtre Joliette | Livre |